000 01260nab a22002057a 4500
999 _c6084
_d6084
003 OSt
005 20260121191817.0
008 190502c xxu||||| |||| 00| 0 spa d
040 _cPJ
100 _96860
_aOclander, Martín Ignacio
245 1 3 _aEl delito de lavado de activos /
_cMartín Ignacio Oclander.
260 _aCiudad Autónoma de Buenos Aires :
_bThomson Reuters La Ley,
_c2024.
300 _ap. 17-28
505 _aSumario: I. Tipo objetivo.— II. Tipo subjetivo.— III. Autonomía del delito de lavado de activos.— IV. Delito continuado. Ley aplicable a los hechos iniciados antes de la reforma introducida por la ley 26.683.— V. El delito de lavado de activos atenuado por el monto blanqueado (art. 303, inc. 4, Cód. Penal).— VI. El delito de lavado de activos agravado por la habitualidad de la conducta o por actuar en forma organizada (art. 303, inc. 2, a, Cód. Penal).— VII. Figuras relacionadas.
505 _t¿Te interesa el texto completo? Solicitalo al correo: koha@justierradelfuego.gov.ar
650 0 _9343
_aDERECHO PENAL
650 0 _93064
_aLAVADO DE ACTIVOS
773 0 _02729
_93180
_dBuenos Aires : LexisNexis, 2006-
_tRevista de derecho penal y procesal penal. Nº 7 - Julio 2024
_z9875920622
942 _2udc
_cANA